Prueba de Uganda - Estadísticas

Estadísticas generales
  • Esta prueba ha sido intentada 760 veces
  • La puntuación promedio es 10 de 18
Estadísticas de respuestas
Pista Respuesta % Correcto
Idiomas oficiales Inglés
94%
Países que limitan con Uganda Ruanda
89%
Países que limitan con Uganda Kenia
87%
Países que limitan con Uganda República Democrática del Congo
86%
Países que limitan con Uganda Tanzania
86%
Países que limitan con Uganda Sudán del Sur
82%
Capital Kampala
78%
Gran parte del territorio de Uganda está ocupado por este Gran Lago Africano Lago Victoria
78%
La mayor exportación (un grano) Café
58%
Idiomas oficiales Suajili
52%
La edad media de los ciudadanos ugandeses al año más cercano 16
49%
Moneda (una antigua moneda británica) Chelín
42%
El infame dictador conocido como "El Carnicero de Uganda" Idi Amin
37%
En 1976, comandos de este país rescataron a los pasajeros de un avión secuestrado que aterrizó en el aeropuerto de Entebbe Israel
28%
La montaña más alta, llamada así por un explorador británico Monte Stanley
28%
El pájaro que aparece en la bandera {Grulla} coronada gris
27%
Un infame grupo terrorista que utiliza niños soldados Ejército de Resistencia del {Señor}
15%
El líder de ese grupo Joseph Kony
13%
No se encontraron pruebas coincidentes
Distribución de puntuación
Porcentaje de gente con cada puntuación
Porcentaje por número respondido
Historial de tus puntuaciones
No has intentado esta prueba.